| 000 | 00890nac a22002417a 4500 | ||
|---|---|---|---|
| 001 | BR8104457 | ||
| 003 | BR-BrBNA | ||
| 005 | 20241219164937.0 | ||
| 008 | 230509b bl.|||m| |||| 00| 0 por d | ||
| 040 |
_aBR-BrBNA _bpor _cBiblioteca Nacional de Agricultura |
||
| 072 | _aC00; E15 | ||
| 090 |
_aC00 BR8104457 _b2024-8417 |
||
| 110 | 1 |
_aEmpresa de Assistencia Tecnica e Extensao Rural do Estado de Mato Grosso, Cuiaba (Brasil) _94017 |
|
| 245 | 1 | _aRelatorio financeiro 1981 [Contabilidade, Empresa de Assistencia Tecnica e Extensao Rural do Estado de Mato Grosso, Brasil] | |
| 260 | 3 |
_aCuiaba, MT (Brasil): _c1981. |
|
| 300 | _a36 p. | ||
| 490 | _aRelatorio Financeiro - Empresa de Assistencia Tecnica e Extensao Rural do Estado de Mato Grosso (Brazil) | ||
| 500 | _aNumerical data | ||
| 650 | _aCONTABILIDADE | ||
| 650 | _aRECEITA | ||
| 650 | _aMATO GROSSO | ||
| 942 |
_2AGRIS _n0 _cMS |
||
| 999 |
_c272679 _d272679 |
||